000 00894nam a22002897a 4500
001 0022762
003 KOHA_MİRAKIL
005 20260207002354.0
007 ta
008 101011b1994 xx |||gr||||#0|||1|eng |
020 _a0691036675
040 _aTR-BiSEU
_btur
_cTR-BiSEU
_erda
041 0 _aeng
050 _aPE1408
_b.T46 1994
100 1 _aThomas, Francis-Noel.
245 1 _aClear and simple as the truth: writing classic prose/
_cFrancis-Noel Thomas ; Francis-Noel Thomas, Mark Turner.
264 1 _aNew Jersey :
_bPrinceton University Press
_c1994
300 _a225 pages; 24 cm.
336 _ametin
_btxt
_2rdacontent
337 _aaracısız
_bn
_2rdamedia
338 _acilt
_bnc
_2rdacarrier
500 _aKaynakça ve dizin var.
650 0 _aİngiliz dili--Sözlü anlatım.
_947433
650 0 _aİngiliz dili--Stil.
_947434
907 _aDil
942 _2lcc
_cBK
999 _c22718
_d22718